Stav a vývoj daňového systému v Maltskej republike so zameraním na priame zdaňovanie
Základná legislatívna úprava podnikania a daňového systému v Maltskej republike. Formy obchodných spoločností. Najčastejšie sa vyskytujúce podnikateľské formy - živnosti a spoločnosti s ručením obmedzeným. Stav a vývoj zdaňovania v Maltskej republike so zameraním na priame dane.
Na minha lista:
| Autor principal: | |
|---|---|
| Formato: | Capítulo de Livro |
| Idioma: | eslovaco |
| Assuntos: | |
| Tags: |
Sem tags, seja o primeiro a adicionar uma tag!
|
MARC
| LEADER | 00000naa$a2200000$$$4500 | ||
|---|---|---|---|
| 001 | 0155219 | ||
| 005 | 20240502072729.7 | ||
| 041 | 0 | |a slo | |
| 044 | |a SK | ||
| 245 | 1 | 0 | |a Stav a vývoj daňového systému v Maltskej republike so zameraním na priame zdaňovanie |c Zuzana Tekelová |
| 520 | |a Základná legislatívna úprava podnikania a daňového systému v Maltskej republike. Formy obchodných spoločností. Najčastejšie sa vyskytujúce podnikateľské formy - živnosti a spoločnosti s ručením obmedzeným. Stav a vývoj zdaňovania v Maltskej republike so zameraním na priame dane. | ||
| 610 | 2 | 0 | |a dane priame |
| 610 | 2 | 0 | |a zdaňovanie |
| 610 | 2 | 0 | |a systémy daňové |
| 610 | 2 | 0 | |a dane z príjmov |
| 610 | 2 | 0 | |a legislatíva |
| 610 | 2 | 0 | |a podnikanie |
| 610 | 2 | 0 | |a formy podnikov |
| 610 | 2 | 0 | |a živnosti |
| 610 | 2 | 0 | |a Malta |
| 100 | 1 | |a Tekelová, Zuzana, 1987- | |